On Heroes and Uhuru- Worship. (Record no. 581)

MARC details
000 -LEADER
fixed length control field 00366nam a22001217a 4500
005 - DATE AND TIME OF LATEST TRANSACTION
control field 20200815144230.0
008 - FIXED-LENGTH DATA ELEMENTS--GENERAL INFORMATION
fixed length control field 200815b ||||| |||| 00| 0 eng d
020 ## - INTERNATIONAL STANDARD BOOK NUMBER
International Standard Book Number 582640199
040 ## - CATALOGING SOURCE
Transcribing agency CML
245 ## - TITLE STATEMENT
Title On Heroes and Uhuru- Worship.
Statement of responsibility, etc. Mazrui, D.P. ,Ali, A.
260 ## - PUBLICATION, DISTRIBUTION, ETC.
Place of publication, distribution, etc. London
Name of publisher, distributor, etc. Longman Group Ltd
Date of publication, distribution, etc. 1967
942 ## - ADDED ENTRY ELEMENTS (KOHA)
Source of classification or shelving scheme Dewey Decimal Classification
Koha item type Books
Edition 1st Edition
Classification part 1967
Call number suffix MAZ
Holdings
Withdrawn status Lost status Source of classification or shelving scheme Damaged status Not for loan Collection code Home library Current library Shelving location Date acquired Total Checkouts Full call number Date last seen Copy number Price effective from Koha item type
    Dewey Decimal Classification     Social Sciences Chalimbana Main Library Chalimbana Main Library Social Sciences 08/15/2020   320.96 MAZ 08/15/2020 1 08/15/2020 Books

Powered by Koha